[Event "ch-city A"]
[Site "Warszawa"]
[Date "2012.05.31"]
[Round "6.12"]
[White "Olejarczyk, Bogdan"]
[Black "Winiarski, Mikolaj"]
[Result "1/2-1/2"]
[WhiteElo "2132"]
[BlackElo "1955"]
[PlyCount "178"]
[EventDate "2012.05.26"]
[EventType "swiss"]
[EventRounds "9"]
[EventCountry "POL"]

1. d4 Nf6 2. Nf3 g6 3. c4 Bg7 4. Nc3 O-O 5. Qc2 d6 6. b3 Nbd7 7. Bb2 c5 8. e3
b6 9. Be2 Bb7 10. O-O Rc8 11. Rad1 a6 12. a4 cxd4 13. exd4 d5 14. Ne5 Ne8 15.
Bf3 Nc7 16. Rfe1 Re8 17. Qd2 f6 18. Ng4 e6 19. Nh6+ Bxh6 20. Qxh6 b5 21. axb5
axb5 22. Ba3 bxc4 23. bxc4 Nb6 24. cxd5 Nbxd5 25. Ne4 Nb5 26. Bc1 Nbc3 27. Nxc3
Rxc3 28. h4 Qd7 29. Be4 Qg7 30. Qd2 Qd7 31. Qb2 Rec8 32. Bd2 R3c7 33. Ba5 Rc6
34. Rb1 Ba6 35. Bd2 Bc4 36. Qa3 f5 37. Bxd5 Bxd5 38. Bb4 Rc2 39. Bc5 Ra2 40.
Qg3 Qc7 41. Qg5 Rca8 42. h5 Qf7 43. Bd6 h6 44. Qxh6 Qg7 45. Qxg6 Qxg6 46. hxg6
Kg7 47. Rbc1 Kxg6 48. Re3 Ra1 49. Rg3+ Kf7 50. Rgc3 Rxc1+ 51. Rxc1 Rg8 52. f3
Kg6 53. Rc7 Rg7 54. Rc8 Kh7 55. Be5 Rg8 56. Rc7+ Kh6 57. Kf2 Kg5 58. Ke3 Kg6
59. Rc2 Kg5 60. Bf4+ Kf6 61. Bd6 Kg5 62. Be7+ Kg6 63. Kf4 Rg7 64. Rc7 Rf7 65.
Ke5 Rg7 66. Kd6 Kh5 67. Rc8 Kg6 68. Re8 Kh7 69. Bf6 Rxg2 70. Rh8+ Kg6 71. Rg8+
Kxf6 72. Rxg2 Bxf3 73. Rg8 Bd5 74. Rf8+ Kg7 75. Ke7 Bc4 76. Rc8 Bd5 77. Rc1 Kg6
78. Rg1+ Kh5 79. Kf6 f4 80. Ke5 f3 81. Kf4 Kh6 82. Ke3 Kh5 83. Rg8 Kh6 84. Rg3
Kh5 85. Kf2 Kh6 86. Rg4 Kh5 87. Kg3 Kh6 88. Rg8 Kh7 89. Rg5 Kh6 1/2-1/2

[Event "ch-city A"]
[Site "Warszawa"]
[Date "2012.05.31"]
[Round "6.13"]
[White "Kubeczko, Grzegorz"]
[Black "Gasik, Piotr"]
[Result "1-0"]
[WhiteElo "2015"]
[BlackElo "2124"]
[PlyCount "45"]
[EventDate "2012.05.26"]
[EventType "swiss"]
[EventRounds "9"]
[EventCountry "POL"]

1. c4 e5 2. g3 Nf6 3. Bg2 c6 4. d4 Bb4+ 5. Bd2 Bxd2+ 6. Qxd2 d6 7. dxe5 dxe5 8.
Nf3 Qe7 9. Qg5 Nbd7 10. Bh3 e4 11. Nh4 h6 12. Qe3 Ne5 13. Bxc8 Rxc8 14. Nf5 Qd7
15. Qf4 Nxc4 16. Nxg7+ Ke7 17. b3 Rhg8 18. Nf5+ Ke6 19. Nxh6 Qd4 20. Qf5+ Ke7
21. Qxc8 Qxa1 22. Nxg8+ Nxg8 23. O-O 1-0

[Event "ch-city A"]
[Site "Warszawa"]
[Date "2012.05.31"]
[Round "6.14"]
[White "Zaczek, Jonathon"]
[Black "Malec, Sebastian"]
[Result "0-1"]
[WhiteElo "2117"]
[BlackElo "2088"]
[PlyCount "106"]
[EventDate "2012.05.26"]
[EventType "swiss"]
[EventRounds "9"]
[EventCountry "POL"]

1. e4 c5 2. Nf3 e6 3. d4 cxd4 4. Nxd4 a6 5. Bd3 Qc7 6. c4 Nc6 7. Nxc6 dxc6 8.
O-O e5 9. Be3 Nf6 10. f3 Nd7 11. a3 Bc5 12. Bxc5 Nxc5 13. b4 Ne6 14. c5 Nd4 15.
Nd2 Be6 16. Bc4 Qe7 17. Rc1 O-O 18. Bxe6 Qxe6 19. Nc4 Rad8 20. Rf2 Qh6 21. Rd2
f6 22. Rc3 Rd7 23. Rcd3 Rfd8 24. Ne3 Nxf3+ 25. gxf3 Rxd3 26. Rxd3 Qxe3+ 27.
Rxe3 Rxd1+ 28. Kf2 Kf7 29. Rb3 h5 30. Kg2 h4 31. Kh3 g5 32. Re3 Kg6 33. Rb3 f5
34. exf5+ Kxf5 35. a4 Kf4 36. b5 axb5 37. axb5 Rc1 38. bxc6 bxc6 39. Rb4+ Kxf3
40. Rc4 g4+ 41. Rxg4 e4 42. Rg6 e3 43. Rxc6 e2 44. Rf6+ Ke3 45. Re6+ Kd3 46. c6
e1=Q 47. Rxe1 Rxe1 48. Kxh4 Ke4 49. Kg5 Rg1+ 50. Kf6 Rc1 51. h4 Kf4 52. h5
Rxc6+ 53. Kg7 Kg5 0-1

[Event "ch-city A"]
[Site "Warszawa"]
[Date "2012.05.31"]
[Round "6.15"]
[White "Rozycki, Bartlomiej"]
[Black "Gorecki, Andrzej"]
[Result "0-1"]
[WhiteElo "1922"]
[BlackElo "2102"]
[PlyCount "90"]
[EventDate "2012.05.26"]
[EventType "swiss"]
[EventRounds "9"]
[EventCountry "POL"]

1. e4 e6 2. d4 d5 3. Nc3 Bb4 4. e5 Ne7 5. a3 Bxc3+ 6. bxc3 c5 7. h4 Qa5 8. Bd2
Qa4 9. Nf3 Nbc6 10. h5 h6 11. Bd3 c4 12. Be2 Bd7 13. O-O O-O-O 14. Nh4 g5 15.
hxg6 fxg6 16. g3 Rdg8 17. Ng2 Be8 18. Qc1 g5 19. g4 Bg6 20. Ra2 Qa5 21. a4 h5
22. Ra3 hxg4 23. Bxg5 Bf5 24. Bh4 Ng6 25. Bg3 Qc7 26. f3 gxf3 27. Bxf3 Qg7 28.
Qg5 Ngxe5 29. Qxg7 Nxf3+ 30. Rxf3 Rxg7 31. Ra1 Be4 32. Re3 Rhg8 33. Kf2 Ne7 34.
Nh4 Nf5 35. Nxf5 exf5 36. Rf1 Rg4 37. Be5 Rg2+ 38. Ke1 Rxc2 39. Rg3 Rxg3 40.
Bxg3 Rxc3 41. Be5 Ra3 42. Rf4 Rxa4 43. Rh4 Ra1+ 44. Kd2 b5 45. Rh8+ Kd7 0-1

[Event "ch-city A"]
[Site "Warszawa"]
[Date "2012.05.31"]
[Round "6.16"]
[White "Eggink, Mateusz"]
[Black "Kowalska, Elzbieta"]
[Result "1-0"]
[WhiteElo "2012"]
[BlackElo "1944"]
[PlyCount "63"]
[EventDate "2012.05.26"]
[EventType "swiss"]
[EventRounds "9"]
[EventCountry "POL"]

1. e4 c5 2. Nf3 Nc6 3. d4 cxd4 4. Nxd4 Nf6 5. Nc3 d6 6. Bc4 Bd7 7. O-O g6 8.
Be3 Bg7 9. f3 O-O 10. Qd2 Rc8 11. Be2 a6 12. Nd1 Na5 13. Rc1 b5 14. a4 Nc4 15.
Bxc4 bxc4 16. Ra1 d5 17. e5 Ne8 18. f4 Nc7 19. Qa5 f6 20. Nc3 fxe5 21. fxe5
Rxf1+ 22. Rxf1 e6 23. Nf3 Be8 24. Bb6 Qd7 25. Ne2 h6 26. Ned4 g5 27. Bxc7 Rxc7
28. Nxe6 Rc6 29. Nxg7 Kxg7 30. Nd4 Rg6 31. e6 Qa7 32. Qxd5 1-0

[Event "ch-city A"]
[Site "Warszawa"]
[Date "2012.05.31"]
[Round "6.17"]
[White "Gluszko, Monika"]
[Black "Pastuszko, Kinga"]
[Result "0-1"]
[WhiteElo "2057"]
[BlackElo "1945"]
[PlyCount "78"]
[EventDate "2012.05.26"]
[EventType "swiss"]
[EventRounds "9"]
[EventCountry "POL"]

1. e4 e5 2. Nf3 Nc6 3. Bc4 Bc5 4. c3 Nf6 5. d3 a6 6. Bb3 O-O 7. Nbd2 d5 8. exd5
Nxd5 9. Nc4 f6 10. O-O Kh8 11. Re1 Ba7 12. h3 b5 13. Ne3 Nf4 14. Bc2 Re8 15.
Nh4 Be6 16. Qf3 Qd7 17. d4 Ne7 18. dxe5 fxe5 19. Rd1 Qc8 20. Qe4 Nfg6 21. Ng4
Bxg4 22. hxg4 Rf8 23. Nf5 Qe6 24. Bg5 Bc5 25. b4 Bd6 26. Nxe7 Bxe7 27. Bb3 Qb6
28. Be3 Qf6 29. Bc2 Bd6 30. g5 Qe7 31. g3 Rae8 32. Kg2 Qd7 33. Rh1 Re6 34. Qg4
Qc6+ 35. Be4 Nf4+ 36. gxf4 Qxe4+ 37. Kg1 exf4 38. Bd4 f3 39. Qh5 Qe1+ 0-1

[Event "ch-city A"]
[Site "Warszawa"]
[Date "2012.05.31"]
[Round "6.18"]
[White "Suchocki, Tomasz"]
[Black "Sielicki, Tomasz"]
[Result "1-0"]
[WhiteElo "1949"]
[BlackElo "2011"]
[PlyCount "47"]
[EventDate "2012.05.26"]
[EventType "swiss"]
[EventRounds "9"]
[EventCountry "POL"]

1. d4 Nf6 2. Nf3 c5 3. d5 b5 4. c4 e6 5. Bg5 h6 6. Bxf6 Qxf6 7. Nc3 b4 8. Nb5
Na6 9. e4 d6 10. Qa4 Kd8 11. Qa5+ Ke8 12. Qa4 Kd8 13. Qa5+ Ke8 14. dxe6 Qxe6
15. O-O-O Be7 16. Bd3 Kf8 17. Rhe1 Bb7 18. e5 d5 19. cxd5 Bxd5 20. Nd6 Nb8 21.
Bf5 Bxf3 22. Bxe6 Bxd1 23. Bd5 Bxd6 24. Qd8# 1-0

[Event "ch-city A"]
[Site "Warszawa"]
[Date "2012.05.31"]
[Round "6.19"]
[White "Spicak, Krzysztof"]
[Black "Lasota, Adam"]
[Result "1-0"]
[WhiteElo "2009"]
[BlackElo "1875"]
[PlyCount "101"]
[EventDate "2012.05.26"]
[EventType "swiss"]
[EventRounds "9"]
[EventCountry "POL"]

1. g4 d5 2. Bg2 c6 3. e3 e5 4. h3 Bd6 5. Nc3 Ne7 6. d4 e4 7. Bd2 b6 8. f4 f5 9.
g5 O-O 10. h4 a5 11. a4 Ba6 12. Bf1 Bxf1 13. Kxf1 Na6 14. Kg2 Qc7 15. Nge2 Nc8
16. Ng3 Be7 17. b3 Na7 18. Qe2 Nb4 19. Rhc1 c5 20. Nb5 Nxb5 21. Qxb5 Qc6 22.
Bxb4 Qxb5 23. axb5 cxb4 24. c3 g6 25. cxb4 axb4 26. Ra6 Rxa6 27. bxa6 Ra8 28.
Rc7 Kf7 29. a7 Ke6 30. Rb7 Kd6 31. h5 b5 32. Kh3 Ke6 33. h6 Kf7 34. Kg2 Ke6 35.
Kf2 Kf7 36. Ke2 Ke6 37. Kd2 Kd6 38. Ne2 Ke6 39. Kc2 Kd6 40. Kb2 Ke6 41. Kb1 Kd6
42. Nc1 Ke6 43. Na2 Bxg5 44. fxg5 f4 45. exf4 Kf5 46. Rxh7 Kxf4 47. Rg7 e3 48.
Nc1 Kf3 49. h7 Rh8 50. Rg8 Rxh7 51. a8=Q 1-0

[Event "ch-city A"]
[Site "Warszawa"]
[Date "2012.06.01"]
[Round "7.1"]
[White "Janczarski, Michal"]
[Black "Leniart, Arkadiusz"]
[Result "1/2-1/2"]
[WhiteElo "2345"]
[BlackElo "2458"]
[PlyCount "40"]
[EventDate "2012.05.26"]
[EventType "swiss"]
[EventRounds "9"]
[EventCountry "POL"]

1. c4 e5 2. g3 Nf6 3. Bg2 d5 4. cxd5 Nxd5 5. Nf3 Nc6 6. Nc3 Nb6 7. O-O Be7 8.
a3 O-O 9. d3 Re8 10. Be3 Bf8 11. Rc1 Nd4 12. b4 $11 c6 13. Ne4 a5 14. Bxd4 exd4
15. Qb3 axb4 16. axb4 Be6 17. Qb2 Ra2 18. Qxd4 Rxe2 19. b5 cxb5 20. Nc3 Qxd4
$11 1/2-1/2

[Event "ch-city A"]
[Site "Warszawa"]
[Date "2012.06.01"]
[Round "7.2"]
[White "Szczepkowska Horowska, Karina"]
[Black "Strzemiecki, Zbigniew"]
[Result "0-1"]
[WhiteElo "2387"]
[BlackElo "2416"]
[PlyCount "94"]
[EventDate "2012.05.26"]
[EventType "swiss"]
[EventRounds "9"]
[EventCountry "POL"]

1. e4 e6 2. d4 d5 3. Nd2 c5 4. exd5 exd5 5. Bb5+ Bd7 6. Qe2+ Be7 7. dxc5 Nf6 8.
Nb3 O-O 9. Be3 Re8 10. Nf3 a6 11. Bd3 Ba4 12. Nfd4 Nbd7 13. O-O-O Bxb3 14. Nxb3
Nxc5 15. Qf3 Nxd3+ 16. Rxd3 a5 17. Nd4 Nd7 18. Rdd1 Ne5 19. Qh5 Bf6 20. Nf3 g6
21. Qh3 Nc4 22. Bd4 a4 23. a3 Re4 24. Qg3 Bxd4 25. Nxd4 Qf6 26. Qc3 Qxf2 27. g3
Rc8 28. Qf3 Qxf3 29. Nxf3 Ne3 30. Rd2 Rce8 31. Rd3 h6 32. Nd2 R4e6 33. Nf3 Kg7
34. Nd4 Re5 35. Nf3 Re4 36. Nd2 R4e6 37. Nf3 R8e7 38. Nd4 Re4 39. Nb5 Ng4 40.
Rxd5 Nf2 41. Rhd1 Nxd1 42. Kxd1 Re2 43. Nc3 Rxh2 44. Nxa4 Re3 45. b3 Rxg3 46.
Kc1 h5 47. Nb6 h4 0-1

[Event "ch-city A"]
[Site "Warszawa"]
[Date "2012.06.01"]
[Round "7.3"]
[White "Skawinski, Arkadiusz"]
[Black "Rudolf, Michal"]
[Result "0-1"]
[WhiteElo "2303"]
[BlackElo "2383"]
[PlyCount "92"]
[EventDate "2012.05.26"]
[EventType "swiss"]
[EventRounds "9"]
[EventCountry "POL"]

1. e4 c6 2. d4 d5 3. exd5 cxd5 4. c4 Nf6 5. Nc3 Nc6 6. Nf3 g6 7. cxd5 Nxd5 8.
Qb3 Nxc3 9. bxc3 Bg7 10. Be2 O-O 11. O-O Qc7 12. Bg5 Be6 13. Qa3 Bd5 14. Rab1
e5 15. Rfd1 exd4 16. Nxd4 Qe5 17. Be3 Nxd4 18. Bxd4 Qxe2 19. Bxg7 Bxg2 20. Bxf8
Qg4 21. Qd6 Bf3+ 22. Qg3 Bxd1 23. Qxg4 Bxg4 24. Bc5 b6 25. Bd4 Re8 26. Rb2 Bf3
27. h3 f5 28. Be3 Rc8 29. Rd2 Rxc3 30. Rd8+ Kf7 31. Rd7+ Ke6 32. Rxa7 b5 33.
Kh2 Rc2 34. Kg3 Bd5 35. a3 Rc3 36. Kf4 h6 37. h4 g5+ 38. hxg5 Rc4+ 39. Kg3 Rg4+
40. Kh3 hxg5 41. f4 gxf4 42. Bc5 Rg3+ 43. Kh2 Rg2+ 44. Kh3 Rc2 45. Re7+ Kf6 46.
Bb4 f3 0-1

[Event "ch-city A"]
[Site "Warszawa"]
[Date "2012.06.01"]
[Round "7.4"]
[White "Grabarczyk, Miroslaw"]
[Black "Jarmula, Lukasz"]
[Result "1-0"]
[WhiteElo "2445"]
[BlackElo "2050"]
[PlyCount "75"]
[EventDate "2012.05.26"]
[EventType "swiss"]
[EventRounds "9"]
[EventCountry "POL"]

1. d4 Nf6 2. Nf3 g6 3. c4 Bg7 4. g3 c6 5. Bg2 d5 6. b3 O-O 7. O-O dxc4 8. bxc4
c5 9. Bb2 Qb6 10. Qc1 Ne4 11. e3 Nc6 12. Ne5 Nd6 13. Nd2 Nxe5 14. dxe5 Nf5 15.
Ne4 Nd6 16. exd6 Bxb2 17. Qd1 f5 18. dxe7 Re8 19. Nd6 Rxe7 20. Rb1 Be6 21. Nb5
Bf6 22. Nd4 cxd4 23. Rxb6 axb6 24. Bd5 Bxd5 25. cxd5 Rd8 26. Qb3 Rd6 27. exd4
Red7 28. Rb1 Kg7 29. Qc4 Rxd5 30. Rxb6 Rxd4 31. Qc8 Re7 32. Rxb7 Rde4 33. Kg2
Rxb7 34. Qxb7+ Re7 35. Qb4 Ra7 36. a4 h6 37. a5 Kh7 38. Qb6 1-0

[Event "ch-city A"]
[Site "Warszawa"]
[Date "2012.06.01"]
[Round "7.5"]
[White "Sznapik, Aleksander"]
[Black "Adamski, Andrzej"]
[Result "1-0"]
[WhiteElo "2397"]
[BlackElo "2268"]
[PlyCount "51"]
[EventDate "2012.05.26"]
[EventType "swiss"]
[EventRounds "9"]
[EventCountry "POL"]

1. e4 e5 2. Nf3 Nc6 3. Bc4 Nf6 4. d3 d6 5. Ng5 d5 6. exd5 Na5 7. Bb5+ Bd7 8.
Bxd7+ Qxd7 9. c4 b6 10. Bd2 Bc5 11. Nc3 O-O 12. O-O c6 13. Qa4 Qe7 14. Nge4
Nxe4 15. Nxe4 Bd4 16. dxc6 Qc7 17. Bxa5 bxa5 18. Nc3 Bxc3 19. bxc3 Rfd8 20.
Rfd1 Rab8 21. g3 Rb6 22. Qxa5 Qxc6 23. Qxe5 Re8 24. Qd5 Qf6 25. Re1 Rd8 26. Qd4
1-0

[Event "ch-city A"]
[Site "Warszawa"]
[Date "2012.06.01"]
[Round "7.6"]
[White "Sujkowski, Pawel"]
[Black "Deszczynski, Adam"]
[Result "0-1"]
[WhiteElo "1964"]
[BlackElo "2356"]
[PlyCount "100"]
[EventDate "2012.05.26"]
[EventType "swiss"]
[EventRounds "9"]
[EventCountry "POL"]

1. e4 c5 2. Nf3 d6 3. d4 cxd4 4. Nxd4 Nf6 5. Nc3 a6 6. Be3 Ng4 7. Bg5 h6 8. Bh4
g5 9. Bg3 Bg7 10. Qd2 Nc6 11. Nf5 Bxf5 12. exf5 Rc8 13. f3 Nf6 14. O-O-O Qa5
15. Kb1 Qxf5 16. Qe1 Qe6 17. Qf2 Nh5 18. Re1 Qf6 19. Bd3 Nxg3 20. hxg3 Na5 21.
Nd1 Qd4 22. Qe2 e6 23. c3 Qe5 24. Qf2 Qc5 25. Qxc5 dxc5 26. f4 Kd7 27. Ne3 Nc6
28. Kc2 b5 29. Rd1 Kc7 30. Rhf1 Rhf8 31. Be2 f5 32. a4 c4 33. axb5 axb5 34. g4
gxf4 35. Rxf4 Be5 36. Rf3 f4 37. Nf1 Ra8 38. Rh3 Bg7 39. Rh5 Rfb8 40. Nd2 Ra2
41. Rhh1 Nb4+ 42. Kc1 Nd5 43. Nb1 Ne3 44. Rd2 b4 45. g5 bxc3 46. bxc3 Rxb1+ 47.
Kxb1 Rxd2 48. gxh6 Bxc3 49. Bf3 Rb2+ 50. Kc1 Ra2 0-1

[Event "ch-city A"]
[Site "Warszawa"]
[Date "2012.06.01"]
[Round "7.7"]
[White "Cajbel, Maciej"]
[Black "Liberadzki, Slawomir"]
[Result "1-0"]
[WhiteElo "2222"]
[BlackElo "2080"]
[PlyCount "83"]
[EventDate "2012.05.26"]
[EventType "swiss"]
[EventRounds "9"]
[EventCountry "POL"]

1. e4 c5 2. Nf3 e6 3. d4 cxd4 4. Nxd4 Nc6 5. Nc3 Qc7 6. Be3 a6 7. Qd2 Nf6 8. f3
Ne5 9. O-O-O Bb4 10. Nb3 b5 11. Qe1 Rb8 12. Qg3 Nh5 13. Qf2 O-O 14. Bc5 Bxc5
15. Qxc5 Qxc5 16. Nxc5 Rb6 17. a4 d6 18. Nb3 Bd7 19. a5 Rc6 20. Na2 Nc4 21. Nb4
Rc7 22. Nxa6 Ra7 23. Nb4 f5 24. exf5 exf5 25. a6 Nf6 26. Bxc4+ bxc4 27. Na5 d5
28. Rhe1 Bb5 29. Re6 Bxa6 30. Rxa6 Rxa6 31. Nxa6 Ra8 32. Nxc4 Rxa6 33. Na3 Kf7
34. c3 Kg6 35. Kc2 Kg5 36. Nb5 Kf4 37. Nd4 Kg5 38. Re1 Ra7 39. Re5 g6 40. Re6
Nh5 41. g3 f4 42. h4+ 1-0

[Event "ch-city A"]
[Site "Warszawa"]
[Date "2012.06.01"]
[Round "7.8"]
[White "Pietocha, Pawel"]
[Black "Jarmula, Pawel"]
[Result "0-1"]
[WhiteElo "2124"]
[BlackElo "2157"]
[PlyCount "62"]
[EventDate "2012.05.26"]
[EventType "swiss"]
[EventRounds "9"]
[EventCountry "POL"]

1. Nf3 d5 2. c4 d4 3. e4 c5 4. d3 Nc6 5. g3 e5 6. Bg2 Be7 7. O-O Nf6 8. Ne1 Bg4
9. f3 Bh5 10. g4 Bg6 11. f4 exf4 12. Bxf4 h5 13. g5 Ng4 14. Nf3 Bd6 15. e5 Bc7
16. Qe2 O-O 17. h3 Ne3 18. Bxe3 dxe3 19. Qxe3 Qxd3 20. Re1 Rfe8 21. Na3 Qxe3+
22. Rxe3 Nxe5 23. Rae1 Nxf3+ 24. Bxf3 Rxe3 25. Rxe3 Kf8 26. Bxb7 Rb8 27. Bc6
Bf4 28. Re2 Bxg5 29. b3 a6 30. Nc2 Bd3 31. Re5 f6 0-1

[Event "ch-city A"]
[Site "Warszawa"]
[Date "2012.06.01"]
[Round "7.9"]
[White "Nurkiewicz, Maciej"]
[Black "Szewczyk, Mariusz"]
[Result "1-0"]
[WhiteElo "2407"]
[BlackElo "1920"]
[PlyCount "59"]
[EventDate "2012.05.26"]
[EventType "swiss"]
[EventRounds "9"]
[EventCountry "POL"]

1. d4 Nf6 2. c4 d6 3. Nc3 g6 4. g3 Bg7 5. Bg2 c6 6. e4 O-O 7. Nge2 e5 8. O-O
Nh5 9. Be3 Na6 10. f4 f5 11. Qd2 fxe4 12. fxe5 Rxf1+ 13. Rxf1 dxe5 14. d5 cxd5
15. cxd5 Nf6 16. Nxe4 Ng4 17. d6 Nxe3 18. Qxe3 Be6 19. N2c3 Nb4 20. a3 Nc2 21.
Qc5 Nd4 22. Nd5 b6 23. Ndf6+ Kh8 24. Qxe5 Ne2+ 25. Kh1 Bf5 26. Rxf5 gxf5 27.
Qxf5 Bxf6 28. Nxf6 Kg7 29. Qg5+ Kh8 30. Qh6 1-0

[Event "ch-city A"]
[Site "Warszawa"]
[Date "2012.06.01"]
[Round "7.11"]
[White "Malec, Sebastian"]
[Black "Piotrowski, Arkadiusz"]
[Result "1-0"]
[WhiteElo "2088"]
[BlackElo "1959"]
[PlyCount "91"]
[EventDate "2012.05.26"]
[EventType "swiss"]
[EventRounds "9"]
[EventCountry "POL"]

1. e4 c6 2. Nf3 d5 3. Nc3 Bg4 4. h3 Bh5 5. exd5 cxd5 6. g4 Bg6 7. Ne5 Nc6 8.
Bb5 Rc8 9. Qf3 e6 10. h4 Bd6 11. h5 Bxe5 12. hxg6 fxg6 13. d4 Bxd4 14. Qd3 Qf6
15. f4 Bxc3+ 16. bxc3 a6 17. Bxc6+ Rxc6 18. Bd2 Rc4 19. O-O-O Qf7 20. Rde1 Nf6
21. f5 Ne4 22. Rhf1 gxf5 23. gxf5 exf5 24. Bf4 O-O 25. Be5 Re8 26. Bd4 Rc6 27.
Qh3 g6 28. Qh6 Rce6 29. Rg1 Nf6 30. Ref1 Re4 31. Rxf5 Rxd4 32. cxd4 Qg7 33. Qh4
Re6 34. Qh3 Re4 35. Rfg5 Re8 36. Qd3 Re4 37. Rxd5 Nxd5 38. Qxe4 Qh6+ 39. Kb2
Nf6 40. Qe6+ Kg7 41. Qe7+ Kg8 42. Qxf6 Qe3 43. Rf1 Qe8 44. d5 Qb5+ 45. Ka1 Qe8
46. Qe6+ 1-0

[Event "ch-city A"]
[Site "Warszawa"]
[Date "2012.06.01"]
[Round "7.12"]
[White "Guerrero Rodriguez, Alejandra"]
[Black "Eggink, Mateusz"]
[Result "1-0"]
[WhiteElo "2057"]
[BlackElo "2012"]
[PlyCount "53"]
[EventDate "2012.05.26"]
[EventType "swiss"]
[EventRounds "9"]
[EventCountry "POL"]

1. d4 d5 2. c4 dxc4 3. e3 e6 4. Bxc4 Nf6 5. Nf3 c5 6. O-O a6 7. Bb3 b6 8. Qe2
Bb7 9. Rd1 Nbd7 10. Nc3 Qc7 11. e4 cxd4 12. Nxd4 Be7 13. Bxe6 fxe6 14. Nxe6 Qe5
15. Nxg7+ Kf7 16. Nf5 b5 17. f4 Bc5+ 18. Kh1 Qe6 19. Be3 Rad8 20. Nh6+ Ke8 21.
f5 Qe7 22. Bxc5 Nxc5 23. e5 Rxd1+ 24. Rxd1 Nfe4 25. Qh5+ Kf8 26. Rd8+ Kg7 27.
f6+ 1-0

[Event "ch-city A"]
[Site "Warszawa"]
[Date "2012.06.01"]
[Round "7.14"]
[White "Winiarski, Mikolaj"]
[Black "Gasik, Piotr"]
[Result "1-0"]
[WhiteElo "1955"]
[BlackElo "2124"]
[PlyCount "77"]
[EventDate "2012.05.26"]
[EventType "swiss"]
[EventRounds "9"]
[EventCountry "POL"]

1. e4 Nf6 2. e5 Nd5 3. Bc4 Nb6 4. Bb3 a5 5. a4 Nc6 6. d4 d6 7. exd6 cxd6 8. d5
Ne5 9. f4 Ng4 10. Nf3 g6 11. Qd4 Nf6 12. Be3 Nbd7 13. Nc3 Bg7 14. O-O-O Nc5 15.
Qc4 b6 16. Nd4 Ba6 17. Ndb5 O-O 18. Bxc5 bxc5 19. Qe2 Qd7 20. Bc4 Qg4 21. Qf2
Rfc8 22. h3 Qf5 23. Rhe1 Qd7 24. Re2 Kf8 25. Rde1 Ng8 26. g4 f5 27. g5 Bd4 28.
Qf3 Rd8 29. h4 Bb7 30. Qd3 Bg7 31. h5 gxh5 32. Re6 Qe8 33. Nxd6 Rxd6 34. Rxd6
Qf7 35. Rb6 Bc8 36. d6 e6 37. Nb5 h6 38. Nc7 Ra7 39. Bxe6 1-0

[Event "ch-city A"]
[Site "Warszawa"]
[Date "2012.06.01"]
[Round "7.15"]
[White "Pastuszko, Kinga"]
[Black "Zaczek, Jonathon"]
[Result "1-0"]
[WhiteElo "1945"]
[BlackElo "2117"]
[PlyCount "73"]
[EventDate "2012.05.26"]
[EventType "swiss"]
[EventRounds "9"]
[EventCountry "POL"]

1. e4 c5 2. Nf3 d6 3. d4 cxd4 4. Nxd4 Nf6 5. Nc3 a6 6. Be3 e6 7. Qd2 b5 8. f3
Nbd7 9. O-O-O Bb7 10. g4 Nb6 11. Qf2 Nfd7 12. Bd3 Qc7 13. Kb1 Rc8 14. h4 b4 15.
Nce2 Nc5 16. Ng3 d5 17. exd5 Nxd5 18. Ne4 Nxd3 19. Rxd3 Be7 20. g5 Nxe3 21.
Rxe3 O-O 22. Qg2 Rfd8 23. Nb3 a5 24. Ree1 a4 25. Nc1 Rd4 26. h5 Rc4 27. Re2
Bxe4 28. fxe4 b3 29. axb3 axb3 30. Nxb3 Qa7 31. g6 Ra8 32. gxf7+ Kh8 33. Rg1
Bf8 34. e5 Qa2+ 35. Kc1 Rb8 36. h6 g6 37. Qg5 1-0

[Event "ch-city A"]
[Site "Warszawa"]
[Date "2012.06.01"]
[Round "7.16"]
[White "Kowalska, Elzbieta"]
[Black "Kaliszewski, Tomasz"]
[Result "0-1"]
[WhiteElo "1944"]
[BlackElo "2020"]
[PlyCount "58"]
[EventDate "2012.05.26"]
[EventType "swiss"]
[EventRounds "9"]
[EventCountry "POL"]

1. e4 e5 2. Nf3 f5 3. d3 d6 4. c4 Nc6 5. Nc3 Nf6 6. Bd2 Be7 7. a3 O-O 8. b4
fxe4 9. dxe4 Bg4 10. Be2 Kh8 11. Be3 Qd7 12. O-O Rae8 13. Ne1 Bxe2 14. Qxe2 Nd4
15. Bxd4 exd4 16. Nd5 c6 17. Nxf6 Bxf6 18. Qd3 Qe6 19. f3 d5 20. exd5 cxd5 21.
c5 Qe3+ 22. Rf2 Bg5 23. Kf1 Qe5 24. g3 Be3 25. Re2 Qh5 26. Kg2 Re6 27. f4 Rh6
28. Kh1 g5 29. fxg5 Rf1+ 0-1

[Event "ch-city A"]
[Site "Warszawa"]
[Date "2012.06.01"]
[Round "7.17"]
[White "Spicak, Krzysztof"]
[Black "Suchocki, Tomasz"]
[Result "0-1"]
[WhiteElo "2009"]
[BlackElo "1949"]
[PlyCount "54"]
[EventDate "2012.05.26"]
[EventType "swiss"]
[EventRounds "9"]
[EventCountry "POL"]

1. e4 c5 2. c4 g6 3. f4 Bg7 4. Nf3 Nc6 5. Nc3 d6 6. Be2 e6 7. O-O Nge7 8. d3
Nd4 9. Be3 Nec6 10. Rf2 O-O 11. Qd2 f5 12. Kh1 Nxf3 13. Bxf3 Nd4 14. Bd1 Bd7
15. Rc1 Bc6 16. Rf1 Qd7 17. Kg1 a6 18. g4 b5 19. gxf5 gxf5 20. exf5 Nxf5 21.
Bf2 Rf6 22. Bh5 Rh6 23. Qd1 Bxc3 24. bxc3 Qg7+ 25. Qg4 Rxh5 26. Qxg7+ Kxg7 27.
d4 Kf7 0-1

[Event "ch-city A"]
[Site "Warszawa"]
[Date "2012.06.01"]
[Round "7.19"]
[White "Sielicki, Tomasz"]
[Black "Gluszko, Monika"]
[Result "0-1"]
[WhiteElo "2011"]
[BlackElo "2057"]
[PlyCount "78"]
[EventDate "2012.05.26"]
[EventType "swiss"]
[EventRounds "9"]
[EventCountry "POL"]

1. d4 Nf6 2. c4 g6 3. Nc3 d5 4. cxd5 Nxd5 5. e4 Nxc3 6. bxc3 Bg7 7. Nf3 c5 8.
Rb1 O-O 9. Be2 Nc6 10. d5 Bxc3+ 11. Bd2 Bxd2+ 12. Qxd2 Na5 13. h4 f6 14. h5 g5
15. h6 e6 16. d6 Nc6 17. e5 g4 18. exf6 Qxf6 19. d7 gxf3 20. gxf3 Bxd7 21. Qxd7
Rf7 22. Qd6 Nd4 23. Rg1+ Kh8 24. Qxc5 Nxe2 25. Kxe2 Qxf3+ 26. Kf1 Qd3+ 27. Kg2
Qe4+ 28. Kh2 Qh4+ 29. Kg2 Rg8+ 30. Kf1 Qh3+ 31. Ke2 Qf3+ 32. Kd2 Rd7+ 33. Kc2
Qe2+ 34. Kb3 Rd3+ 35. Kb4 Qe4+ 36. Kb5 Rd5 37. Rxg8+ Kxg8 38. Rg1+ Kf7 39. Rg7+
Kf6 0-1

[Event "ch-city A"]
[Site "Warszawa"]
[Date "2012.06.02"]
[Round "8.1"]
[White "Leniart, Arkadiusz"]
[Black "Rudolf, Michal"]
[Result "1-0"]
[WhiteElo "2458"]
[BlackElo "2383"]
[PlyCount "73"]
[EventDate "2012.05.26"]
[EventType "swiss"]
[EventRounds "9"]
[EventCountry "POL"]

1. e4 d5 2. exd5 Qxd5 3. Nc3 Qd6 4. d4 Nf6 5. Nf3 c6 6. h3 g6 7. Bc4 Be6 8. Bd3
Bg7 9. O-O O-O 10. Bg5 h6 11. Bd2 Bf5 12. Bxf5 gxf5 13. Ne2 Nbd7 14. Bf4 Qb4
15. Qd3 e6 16. c4 Rfd8 17. a3 Qe7 18. Qb3 b6 19. Qe3 Kh7 20. Ng3 Qf8 21. Rad1
b5 22. d5 cxd5 23. cxd5 Nxd5 24. Rxd5 exd5 25. Qd3 Nc5 26. Qxf5+ Kg8 27. Qg4
Kh8 28. Nf5 Ne6 29. Bd2 Rac8 30. Qh5 Kh7 31. Re1 Rc6 32. Bb4 Nc5 33. Re7 Kg8
34. Ne5 Bxe5 35. Rxe5 Kh7 36. Re7 Rf6 37. Bxc5 1-0

[Event "ch-city A"]
[Site "Warszawa"]
[Date "2012.06.02"]
[Round "8.3"]
[White "Deszczynski, Adam"]
[Black "Janczarski, Michal"]
[Result "1-0"]
[WhiteElo "2356"]
[BlackElo "2345"]
[PlyCount "91"]
[EventDate "2012.05.26"]
[EventType "swiss"]
[EventRounds "9"]
[EventCountry "POL"]

1. e4 c5 2. Nf3 d6 3. d4 cxd4 4. Nxd4 Nf6 5. Nc3 Nc6 6. Bg5 e6 7. Qd2 a6 8.
O-O-O Bd7 9. f3 Be7 10. Be3 b5 11. g4 Rc8 12. g5 Nh5 13. Nce2 Nxd4 14. Nxd4 g6
15. Bh3 a5 16. Bg4 Qc7 17. Bxh5 gxh5 18. Kb1 b4 19. Rc1 Qb7 20. c4 bxc3 21.
Rxc3 Rxc3 22. Qxc3 O-O 23. Rc1 Rb8 24. Rc2 e5 $11 25. Nc6 Bxc6 26. Qxc6 Qb4 27.
Qc3 Rb7 28. Qxb4 axb4 29. Rc8+ Kg7 30. Kc2 Rd7 31. Bd2 d5 32. exd5 Rxd5 33. Rc4
b3+ 34. axb3 h4 35. b4 Kg6 36. Rc7 Bd8 37. Rc5 Rd4 38. b5 Kf5 39. Bc3 Rd7 40.
Bxe5 Bxg5 41. Bc7+ Kg6 42. Rc6+ Kf5 43. b6 Bd8 44. b4 Rd4 45. Kc3 Rd1 46. Kc4
1-0